Serie: Aprender a investigar

Programa de auto instruccional, el cual contiene algunos de los principales elementos, teóricos y prácticos , sobre conceptos métodos y técnicas usualmente empleados en trabajo de investigación científica.

Guardat en:
Dades bibliogràfiques
Autor principal: Moreno Garzón, Adonay
Format: Llibre
Idioma:Spanish
Publicat: Cali: Icesi, 1995
Edició:1
Col·lecció:Modulo No.4
Matèries:
Accés en línia:Enlace del recurso
Etiquetes: Afegir etiqueta
Sense etiquetes, Sigues el primer a etiquetar aquest registre!

MARC

LEADER 00000nam a2200000 a 4500
001 000968
008 030428s1995 ck a fr# #000|0#spa#d
020 |a 958-9279-15-5 
041 0 |a spa 
043 |a s-ck--- 
100 1 |a Moreno Garzón, Adonay 
245 1 0 |a Serie: Aprender a investigar   |c Adonay Moreno Garzón 
250 |a 1 
260 |a Cali:  |b Icesi,  |c 1995 
300 |a 162p., tabl 
440 0 |a Modulo No.4 
520 3 |a Programa de auto instruccional, el cual contiene algunos de los principales elementos, teóricos y prácticos , sobre conceptos métodos y técnicas usualmente empleados en trabajo de investigación científica. 
650 1 4 |a INVESTIGACIÓN CIENTÍFICA 
999 |c 3120  |d 3120 
856 |u https://catalogo.idep.edu.co/cgi-bin/koha/opac-detail.pl?biblionumber=3120  |z Enlace del recurso